00477nam a2200193 a 4500001001300000003000900013005001700022008004100039020001000080082001700090100002000107245002500127260003100152300000900183500003500192505001200227650002400239700002000263nice12345678IN_TiNIC20260116011826.0050524s1936 teha grp 000 0 per  ac10000a491.553bMEH aMehran, Mahmood aKitab Awwal Dabistan aTehranbNo Publisherc1936 a110p aincludes index and biblioraphy2 aIndexes aPersian Course Book1 aMehran, Mahmood